|
|
|
|
| LEADER |
00000nam a2200000 a 4500 |
| 001 |
vtls009314933 |
| 003 |
SK-MaSNL |
| 005 |
20260301024129.0 |
| 008 |
240313 000 0 eng |
| 040 |
|
|
|a SNK
|b slo
|c SNK
|e AACR2
|
| 100 |
1 |
|
|a Kölcsey, Ferenc,
|d 1790-1838
|4 aut
|9 157693
|
| 245 |
1 |
|
|a Minden Munkái
|c Ferencz Köksey
|
| 260 |
|
|
|a Pesten
|b Kiadja Heckenast Gusztáv
|c 1860
|
| 300 |
|
|
|a 206 s.
|
| 999 |
|
|
|c 570545
|d 572475
|
| 952 |
|
|
|a SNK
|b SNK
|y VYP
|7 0
|p 17A0594175
|o snkID 69306/3/4
|i snkF 3767/78
|8 5
|3 rekatalogizácia
|0 0
|1 0
|4 0
|d 2008-07-25
|l 0
|r 2026-02-23 14:13:40
|w 2026-02-23
|
| 952 |
|
|
|a SNK
|b SNK
|y VYP
|7 0
|p 17A0594402
|o snkID 69306/3/4 D1
|i snkD 1406/87
|8 1
|3 rekatalogizácia
|0 0
|1 1
|4 0
|d 2008-07-25
|l 0
|r 2026-02-23 14:13:40
|w 2026-02-23
|